000 00955cam a2200241 a 4500
001 14683404
005 20250505154556.0
008 061229s2007 enka b 001 0 eng
020 _a0230515436 (hbk.)
020 _a9780230515437 (hbk.)
050 0 0 _aHD30.3
_b.K587 2007
082 0 0 _a658.4/5
_222
100 1 _aKlikauer, Thomas,
_d1962-
245 1 0 _aCommunication and management at work /
_cThomas Klikauer.
260 _aBasingstoke [England] ;
_aNew York :
_bPalgrave Macmillan,
_c2007.
300 _axvi, 327 p. :
_bill. ;
_c23 cm.
650 0 _aCommunication in management.
650 0 _aLeadership.
856 4 2 _3Contributor biographical information
_uhttp://www.loc.gov/catdir/enhancements/fy0708/2006052192-b.html
856 4 2 _3Publisher description
_uhttp://www.loc.gov/catdir/enhancements/fy0708/2006052192-d.html
856 4 1 _3Table of contents only
_uhttp://www.loc.gov/catdir/enhancements/fy0708/2006052192-t.html
942 _2lcc
_cBK
_n0
999 _c5652
_d5652